000 01403cam a22003974i 4500
999 _c64118
_d64118
001 14613843
003 CO-MdFUSB
005 20180622072750.0
008 061027t20062007pau g 001 0 eng
010 _a 2006036297
020 _a9781599471143 (pbk. : alk. paper)
040 _aDLC
_cCO-MdFUSB
_dCO-MdFUSB
_bspa
_erda
041 _aeng
082 0 0 _224
_aG 204
_bH412s
100 1 _aHay, David,
_d1935-
_eautor
242 1 0 _aAlgo allí
_b: la biología del espíritu humano
245 1 0 _aSomething there
_b: the biology of the human spirit
_c/ David Hay.
264 1 _aPhiladephia :
_bTempleton Foundation Press,
_c℗2007
264 4 _c©2006
300 _axiv, 316 páginas:
_c22 cm.
_b:
336 _2rdacontent
_atexto
_btxt
337 _2rdamedia
_asin mediación
_bn
338 _2rdacarrier
_avolumen
_bnc
501 _aIncluye índice (p. 299- 316)
504 _aNotas (p. 257- 283)
505 _aParte I: Contexto -- Parte II: Conversación -- Parte III: Conflicto -- Parte IV: Enfrentar la crisis
563 _aRústica
650 0 _aReligion and science.
650 7 _aReligión y ciencia
_9259
653 _aEspiritualidad
906 _a7
_bcbc
_corignew
_d1
_eecip
_f20
_gy-gencatlg
942 _cBK